Combinatorial symmetries of the m-dimensional ball

Αποθηκεύτηκε σε:
Λεπτομέρειες βιβλιογραφικής εγγραφής
Κύριος συγγραφέας: Jones, Lowell 1945-
Μορφή: Βιβλίο
Γλώσσα:English
Δημοσίευση: Providence, R.I., USA : American Mathematical Society, c1986
Σειρά:Memoirs of the American Mathematical Society ; ; 352
Θέματα:
Ετικέτες: Προσθήκη ετικέτας
Δεν υπάρχουν, Καταχωρήστε ετικέτα πρώτοι!

MARC

LEADER 00000cam a2200000 i 4500
001 1/50629
008 941103s1986 eng d
020 |a 0821824147 
035 |l 10043927 
040 |a GR-MY-UA  |b gre  |e aacr 
041 0 |a eng 
082 0 |a 514.3  |2 (19) 
100 1 |a Jones, Lowell  |d 1945- 
245 1 0 |a Combinatorial symmetries of the m-dimensional ball /  |c Lowell Jones 
246 3 3 |a m-Dimensional ball 
260 |a Providence, R.I., USA :   |b American Mathematical Society,   |c c1986 
300 |a iii, 124 p.;  |c 26 cm 
490 1 |a Memoirs of the American Mathematical Society  |v ; 352 
500 |a "July 1986, volume 62, number 352 (end of volume)." 
504 |a Bibliography: p. 123-124 
650 0 0 |a Surgery (Topology) 
650 0 0 |a Topological manifolds. 
650 0 0 |a Unit ball. 
830 0 |a Memoirs of the American Mathematical Society ;  |v ; 352 
852 |a INST  |b SAMOS  |e 19941103  |h 514.3 JON  |p 005300004764  |q 005300004764  |t BK  |y 0 
909 |a Σ  |b 033702